000
00330 a2200157 4500
001
167264
020
_a
040
_c
Magnum
100
_a
Lorda, C. Raul
240
1
0
_a
Recreacao na terceira idade
_l
por
245
1
0
_a
Recreacao na terceira idade
362
0
_a
1899
440
1
_a
Sprint
697
_a
RECREACAO
942
_c
BK
999
_c
167264
_d
167264